Historia de Telefónica : 1924-1975 : primeras décadas : tecnología, economía y política / Ángel Calvo 1924-1975 :
ISBN:
978-84-08-09893-5
Descripción Física:
569 p. : il. col., taules ; 22 cm
Colección:
Fundación Telefónica. Libro ; 7
Otros Autores:
Fundación Telefónica
MARC
| LEADER | 00000nam a2200000Ia 4500 | ||
|---|---|---|---|
| 001 | 23115 | ||
| 008 | 160829s2010 xx 000 0 cat d | ||
| 020 | |a 978-84-08-09893-5 | ||
| 080 | |a M-6-396 | ||
| 100 | |a Calvo Calvo, Ángel |9 40924 | ||
| 245 | |a Historia de Telefónica : |b 1924-1975 : |b primeras décadas : |b tecnología, economía y política / Ángel Calvo | ||
| 260 | |a Barcelona : |b Ariel ; Madrid : |b Fundación Telefónica, |c 2010 | ||
| 300 | |a 569 p. : |b il. col., taules ; |c 22 cm | ||
| 490 | |a Fundación Telefónica. Libro ; 7 | ||
| 590 | |a Bibliografia. | ||
| 590 | |a S'ha utilitzat el fons de l'Arxiu General de la Diputació de Barcelona | ||
| 650 | |a Telèfon |x Espanya |x Història |9 40925 | ||
| 650 | |a Telecomunicació |x Espanya |x Història |9 40926 | ||
| 650 | |a Història de la tecnologia I |9 40927 | ||
| 650 | |a Telefónica |x Història |9 40928 | ||
| 700 | |a Fundación Telefónica |9 18679 | ||
| 901 | |a Arxiu | ||
| 942 | |n 1 | ||
| 952 | |0 0 |1 0 |4 0 |6 M6396 |7 1 |9 49961 |a Arxiu |b Arxiu |d 2016-12-01 |l 0 |o M-6-396 |p 23115 |r 2016-12-01 00:00:00 |w 2016-12-01 |y ARXIU | ||
| 999 | |c 53803 |d 53803 | ||